• 首页
  • 本馆介绍
  • 公告通知
  • 最新文献
  • 馆藏检索
  • 电子资源
  • 读者导购
  • 参考咨询
  • 我的图书馆
  • 登录
  • 详细信息显示
  • 放入我的书架
  • 预约/预借图书
  • 作者相关作品
  • 分类相关作品
  • 丛书相关作品
  • 出版社相关作品

书目信息

  • 表格格式
  • 工作单格式
  • 卡片格式
题名:
表面活性剂制备技术与分析测试
    
 
作者: 谢亚杰 , 王伟 , 刘深 编著
分册:  
出版信息: 北京   化学工业出版社  2006
页数: 448页
开本: 21cm
丛书名:
单 册:
中图分类: TQ423
科图分类:
主题词: 表面活性剂--制备 , 表面活性剂--化学分析 , 表面活性剂
电子资源:
ISBN: 7-5025-7847-1
000 00962nam0 2200277 450
001 012007878129
005 20070522164409.06
010    @a7-5025-7847-1@dCNY29.00
100    @a20070515d2006 km y0chiy0120 ea
101 0  @achi
102    @aCN@b110000
105    @ay z 000yy
106    @ar
200 1  @a表面活性剂制备技术与分析测试@Abiao mian huo xing ji zhi bei ji shu yu fen xi ce shi@f谢亚杰,王伟,刘深编著@Fxie ya jie,wang wei,liu shen bian zhu
210    @a北京@c化学工业出版社@d2006
215    @a448页@d21cm
330    @a本书系统全面地介绍了表面活性剂的合成制备技术。内容包括:传统表面活性剂制备与性能、新型表面活性剂制备与功能、表面活性剂分析等。
606 0  @a表面活性剂@x制备
606 0  @a表面活性剂@x化学分析
606 0  @a表面活性剂
690    @aTQ423@v4
701  0 @a谢亚杰@Axie ya jie@4编著
701  0 @a王伟@Awang wei@c(化工)@4编著
701  0 @a刘深@Aliu shen@c(化工)@4编著
801  0 @aCN@bRULIN@c20070522
905    @dTQ423@e17@s8
    
    表面活性剂制备技术与分析测试/谢亚杰,王伟,刘深编著.-北京:化学工业出版社,2006
    448页;21cm
    
    
    ISBN 7-5025-7847-1:CNY29.00
    本书系统全面地介绍了表面活性剂的合成制备技术。内容包括:传统表面活性剂制备与性能、新型表面活性剂制备与功能、表面活性剂分析等。
●
相关链接 在E读中查询图书 在五车中查询图书 在当当中查询图书 在豆瓣中查询图书


正题名:表面活性剂制备技术与分析测试     索取号:TQ423/17         预约/预借

序号 登录号 条形码 馆藏地/架位号 状态 备注
1 0579181   205791810   第二样本阅览室/ [索取号:TQ423/17] 在馆    
2 0579182   205791829   第三借阅区/ [索取号:TQ423/17] 在馆    
3 0579183   205791838   第三借阅区/ [索取号:TQ423/17] 在馆    
4 0579184   205791847   第三借阅区/ [索取号:TQ423/17] 在馆    
5 0579185   205791856   第三借阅区/ [索取号:TQ423/17] 在馆    
6 0579186   205791865   第三借阅区/ [索取号:TQ423/17] 在馆    
7 0579187   205791874   第三借阅区/ [索取号:TQ423/17] 在馆    
8 0579188   205791883   第三借阅区/ [索取号:TQ423/17] 在馆    
唐山师范学院图书馆 欢迎您!
大连网信软件有限公司© 版权所有